000 01097nam a2200241 i 4500
001 184703
003 ES-MaACL
005 20250902131139.0
008 151116s1918 sp |||| | spa d
245 0 0 _aGobernación del Tucumán :
_bcorrespondencia de los Cabildos en el siglo XVI : documentos del Archivo de Indias /
_cpublicación dirigida por Roberto Levillier ; prólogo de Adolfo Rodríguez del Busto.
260 _aBuenos Aires :
_bMunicipalidad,
_c1918.
300 _aXXIII, 501 p. ;
_c23 cm.
490 1 _aColección de publicaciones históricas de la Biblioteca del Congreso argentino
651 4 _aTucumán (Gobernación)-
_xHistoria.
_9151017
651 4 _aArgentina-
_xHistoria-
_y1535-1617-
_vFuentes.
_9158143
651 4 _aSantiago del Estero-
_xHistoria.
_9158144
700 1 _aLevillier, Roberto,
_d1886-1969
_971965
700 0 _aRodríguez del Busto, A.
_998483
710 2 _aArchivo General de Indias.
_9149748
830 0 _aColección de publicaciones históricas de la Biblioteca del Congreso argentino
_9192228
852 _aES-MaACL
_jC-7170
999 _c184703
_d184703